000 00457nam a2200193Ia 4500
008 151119s9999||||xx |||||||||||||| ||und||
082 _a823
082 _bGKKV23397
100 _aCBNTRAL CHINMAYA MISSION TRUST
245 _aMY PRAYERS
260 _a--
260 _b--
260 _c0
600 _aCBNTRAL CHINMAYA MISSION TRUST
630 _aMY PRAYERS
700 _aCBNTRAL CHINMAYA MISSION TRUST
730 _aMY PRAYERS
942 _cBOOK
999 _c1076049
_d1076046